Statistics for P Vocabulary Words Quiz #2

Click here to take the quiz!

General Stats

  • This quiz has been taken 36,899 times
  • The average score is 12 of 24

Answer Stats

DefinitionWord% Correct
Widespread outbreak of diseasePandemic
88%
To hunt illegallyPoach
88%
Church benchPew
86%
Car part that moves up
and down within a cylinder
Piston
69%
Baby carriagePram
63%
Order of mammals that includes
monkeys and apes
Primate
63%
False namePseudonym
63%
Next-to-lastPenultimate
59%
Playful fairy or elf-like creaturePixie
55%
Roof of the mouthPalate
54%
Central European dance music that
often features an accordion
Polka
54%
Person who kills his fatherPatricide
52%
Food item that spoils quicklyPerishable
52%
Short story that teaches a lesson via analogyParable
45%
Statement that can only be true
if it is false, and vice-versa
Paradox
44%
To pigs as bovine is to cowsPorcine
43%
HeathenPagan
40%
Sub-division of a kingdom (in taxonomy)Phylum
40%
BoxerPugilist
40%
FireworksPyrotechnics
38%
Type of knitting stitchPurl
35%
Self-imposed punishment to atone for a sinPenance
28%
Voilà; ta-daPresto
25%
To womanize (especially if married)Philander
22%

Score Distribution

Percentile by Number Answered

Percent of People with Each Score

Your Score History

You have not taken this quiz